<?xml version="1.0" encoding="UTF-8"?>
<record
    xmlns:xsi="http://www.w3.org/2001/XMLSchema-instance"
    xsi:schemaLocation="http://www.loc.gov/MARC21/slim http://www.loc.gov/standards/marcxml/schema/MARC21slim.xsd"
    xmlns="http://www.loc.gov/MARC21/slim">

  <leader>00739nab a2200217 uc4500</leader>
  <controlfield tag="001">656790</controlfield>
  <controlfield tag="005">20240201163045.0</controlfield>
  <controlfield tag="008">010404s1999                        eng  </controlfield>
  <datafield tag="035" ind1=" " ind2=" ">
    <subfield code="a">656790</subfield>
  </datafield>
  <datafield tag="035" ind1=" " ind2=" ">
    <subfield code="a">(OCoLC)819904317</subfield>
  </datafield>
  <datafield tag="040" ind1=" " ind2=" ">
    <subfield code="c">comduadb</subfield>
  </datafield>
  <datafield tag="041" ind1=" " ind2=" ">
    <subfield code="a">eng</subfield>
  </datafield>
  <datafield tag="100" ind1="1" ind2="0">
    <subfield code="a">Friedman, Avner</subfield>
    <subfield code="4">aut</subfield>
    <subfield code="e">aut</subfield>
    <subfield code="9">262624</subfield>
  </datafield>
  <datafield tag="245" ind1="1" ind2="0">
    <subfield code="a">What is industrial mathematics</subfield>
  </datafield>
  <datafield tag="650" ind1=" " ind2="7">
    <subfield code="a">Modelos matem&#xE1;ticos</subfield>
    <subfield code="2">lemb</subfield>
    <subfield code="9">1</subfield>
  </datafield>
  <datafield tag="650" ind1=" " ind2=" ">
    <subfield code="a">Soluci&#xF3;n de problemas</subfield>
    <subfield code="9">7911</subfield>
  </datafield>
  <datafield tag="650" ind1=" " ind2=" ">
    <subfield code="a">Aplicaciones industriales</subfield>
    <subfield code="9">60337</subfield>
  </datafield>
  <datafield tag="650" ind1=" " ind2=" ">
    <subfield code="a">Teor&#xED;a del control &#xF3;ptimo</subfield>
    <subfield code="9">58706</subfield>
  </datafield>
  <datafield tag="773" ind1="0" ind2=" ">
    <subfield code="t">Revista de la Real Academia de Ciencias Exactas, F&#xED;sicas y Naturales (Espa&#xF1;a)</subfield>
    <subfield code="g">Vol. 093, No. 02, Mar. 1999, p. 179-184</subfield>
    <subfield code="w">135461</subfield>
    <subfield code="x">1137-2141</subfield>
    <subfield code="0">70538</subfield>
  </datafield>
  <datafield tag="942" ind1=" " ind2=" ">
    <subfield code="c">ARIMP</subfield>
  </datafield>
  <datafield tag="999" ind1=" " ind2=" ">
    <subfield code="c">194705</subfield>
    <subfield code="d">194705</subfield>
  </datafield>
</record>
